|
|
|
|
| LEADER |
00000cam a2200000 7i4500 |
| 001 |
0000014348 |
| 005 |
20080325.0 |
| 008 |
080229 |
| 090 |
0 |
0 |
|a 297.2
|b QUR
|
| 100 |
0 |
|
|a Abdullah Muhammad bin Farj Al Maliki Al-Qurthubi
|
| 245 |
1 |
0 |
|a 81 keputusan hukum Rasulullah S.A.W
|c Abdullah Muhammad bin Farj Al Maliki Al-Qurthubi; penterjemah, Saefuddin Zuhri
|
| 246 |
1 |
0 |
|a Lapan puluh satu keputusan hukum Rasulullah S.A.W
|
| 260 |
|
|
|a Jakarta :
|b Pustaka Azzam ,
|c 2000
|
| 650 |
|
0 |
|a Islam
|x Doctrines
|
| 700 |
0 |
|
|a Saefuddin Zuhri
|
| 740 |
0 |
|
|a Lapan puluh satu keputusan hukum Rasulullah S.A.W
|
| 999 |
|
|
|a 0001008033
|b Book
|c Adult Collection
|e Perbadanan Perpustakaan Awam Johor
|
| 999 |
|
|
|a 0001008034
|b Book
|c Adult Collection
|e Perbadanan Perpustakaan Awam Johor
|
| 999 |
|
|
|a 0001008035
|b Book
|c Adult Collection
|e Perbadanan Perpustakaan Awam Johor
|